Villes les plus peuplées du monde commençant par N - Statistiques

Statistiques générales
  • Ce quiz a été pris 137 fois
  • Le résultat moyen est 6 sur 10
Statistiques - réponses
Pays Villes % Correct
Kenya Nairobi
96%
Italie Naples
93%
Inde New Delhi
90%
États-Unis New York
86%
Japon Nagoya
67%
Russie Nijni Novgorod
40%
Chine Nanjing
38%
Russie Novossibirsk
37%
Inde Nagpur
16%
Chine Nanchang
12%
Aucun quiz correspondant
Distribution des résultats
% des personnes avec chaque résultat
Percentile par nombre de réponses
Votre historique - résultats
Vous n’avez pas pris ce quiz